Una Universidad para Europa / (Record no. 138895)

MARC details
000 -LEADER
campo de control de longitud fija 00453nam a2200157 4500
001 - NÚMERO DE CONTROL
campo de control 138895
003 - IDENTIFICADOR DE NÚMERO DE CONTROL
campo de control ES-MaACL
005 - FECHA Y HORA DE LA ÚLTIMA TRANSACCIÓN
campo de control 20230906195648.0
007 - CAMPO FIJO DE DESCRIPCIÓN FÍSICA--INFORMACIÓN GENERAL
campo de control de longitud fija t|
008 - DATOS DE LONGITUD FIJA--INFORMACIÓN GENERAL
campo de control de longitud fija 070214s1961 sp r ||||1| spa d
100 1# - ENTRADA PRINCIPAL--NOMBRE DE PERSONA
Nombre de persona Sanuy, Ignacio María.
9 (RLIN) 103551
245 14 - MENCIÓN DEL TÍTULO
Título Una Universidad para Europa /
Mención de responsabilidad, etc. Ignacio Mª Sanuy.
260 ## - PUBLICACIÓN, DISTRIBUCIÓN, ETC.
Lugar de publicación, distribución, etc. Madrid :
Nombre del editor, distribuidor, etc. [s. n.],
Fecha de publicación, distribución, etc. 1961 (
Fabricante Gráf. Osca)
300 ## - DESCRIPCIÓN FÍSICA
Extensión 71 p., 7 lám. ;
Dimensiones 25 cm.
852 ## - LOCALIZACIÓN
Ubicación ES-MaACL
Número de control de estantería C-20572
Sublocalización o colección R.47679
Holdings
Estatus retirado Estado de pérdida Estado de daño No para préstamo Biblioteca de origen Biblioteca actual Ubicación en estantería Fecha de adquisición Fuente de adquisición Total de préstamos Signatura topográfica completa Código de barras Visto por última vez Precio de reemplazo Tipo de ítem Koha
        Biblioteca del Ateneo de Madrid Biblioteca del Ateneo de Madrid Galería 17/01/2008     C-20572 1144537 23/02/2023 23/02/2023 Libro impreso